Éticas contemporáneas / (Registro nro. 2339)

Detalles MARC
000 -LEADER
fixed length control field 00900nam a2200253 a 4500
005 - FECHA ULTIMA MODIFICACION
control field 20240412132610.0
008 - CAMPO DE CONTROL (LIBRO)
fixed length control field 100831t1990||||sp |||f ||||00 1 0 spa d
020 ## - INTERNATIONAL STANDARD BOOK NUMBER
ISBN 8430919422
041 ## - CODIGO DE IDIOMA
Código de idioma del texto/pista de sonido o título separado spa
092 ## - SIGNATURA TOPOGRAFICA DEWEY LOCAL
número de clasificación 170
libristica 8
sección BON
100 1# - ENTRADA PRINCIPAL--NOMBRE PERSONAL
Nombre personal Bonete Perales, Enrique
9 (RLIN) 3180
245 ## - TITULO PROPIAMENTE DICHO
Título Éticas contemporáneas /
Mención de responsabilidad y remanente de la transcripción de la portada Enrique Bonete Perales.
250 ## - MENCION DE EDICION
Mención de edición 1a ed.
Mención de responsabilidad relacionada con la ed. Prólogo de Victoria Camps
260 ## - PIE DE IMPRENTA
Lugar de publicación, distribución, etc Madrid:
Nombre de la editorial, distribuidor, etc Tecnos;
Fecha de publicación 1990.
300 ## - DESCRIPCION FISICA
Extension 278 p.
500 ## - NOTA GENERAL
Nota general Bonete Perales, E. (1990). Éticas contemporáneas. (1a ed.). Madrid : Tecnos.
590 ## - NOTAS LOCALES (RLIN)
Nota local Donación Dora Vera, febrero 2017
653 #4 - TÉRMINO INDIZADO - PALABRAS CLAVES
Palabra clave Los fracasos de la filosofía moral
653 ## - TÉRMINO INDIZADO - PALABRAS CLAVES
Palabra clave Interpretación "personalista" de una teoría ético-política
653 #3 - TÉRMINO INDIZADO - PALABRAS CLAVES
Palabra clave Un nuevo fundamento de la moral
653 #5 - TÉRMINO INDIZADO - PALABRAS CLAVES
Palabra clave Los "anti" de una teoría ética
653 ## - TÉRMINO INDIZADO - PALABRAS CLAVES
Palabra clave Polémica en torno a la racionalidad práctica
942 ## - ADDED ENTRY ELEMENTS (KOHA)
Source of classification or shelving scheme Dewey Decimal Classification
Item type Libros
Existencias
Estado de retiro Existencia Fuente de clasificación Estado general No para prestamo Ubicación permanente ubicación actual Sala de ubicación Fecha de adquisición Fuente de adquisición Total Checkouts Número de clasificación Código de barras Date last seen Número de ejemplar Price effective from Koha tipo de elemento (item) Public note
    Dewey Decimal Classification     Biblioteca Medicina Biblioteca Medicina Circulación 23/02/2017 Donación Dora Vera. Febrero 2017   170 8 BON 3818 23/02/2017 Ej.1 23/02/2017 Libros Donación Dora Vera. Febrero 2017

UNIVERSIDAD NACIONAL DEL COMAHUE
Biblioteca de la Facultad de Ciencias Médicas
Sede Toschi: Los Arrayanes y Av. Toschi, Cipolletti  - Rio Negro
Sede Los Tordos:  Yrigoyen al 2211, Cipolletti - Rio Negro 

Teléfono: 0299 - 4774707 int 25
Contacto: biblioteca@facimed.uncoma.edu.ar
© 2011 - 2026